On human communication /
Guardado en:
| Hovedforfatter: | |
|---|---|
| Format: | Ukendt |
| Sprog: | English |
| Udgivet: |
Cambridge, Mass :
MIT Press,
1978.
|
| Udgivelse: | 3 edición |
| Fag: | |
| Tags: |
Tilføj Tag
Ingen Tags, Vær først til at tagge denne postø!
|
MARC
| LEADER | 000000000a22000000004500 | ||
|---|---|---|---|
| 001 | 014037 | ||
| 020 | |a 0262030659 | ||
| 041 | 0 | |a eng | |
| 082 | 0 | 4 | |a 001.5 |b Ch386h |
| 100 | 1 | |a Cherry, Colin | |
| 245 | 1 | 3 | |a On human communication / |c Colin Cherry. |
| 250 | |a 3 edición | ||
| 260 | 1 | |a Cambridge, Mass : |b MIT Press, |c 1978. | |
| 300 | |a 374 páginas : |b ilustraciones ; |c 22 cm. | ||
| 650 | 4 | |a COMUNICACION | |
| 650 | 4 | |a LENGUAJE Y LENGUAJES | |
| 500 | |a Colección George Yúdice | ||
| 999 | |c 19939 |d 19939 | ||
| 942 | |c BK |h 001.5 Ch386h |2 z | ||



